[Event "Bergen Sommer op-B"]
[Site "Bergen"]
[Date "2008.08.08"]
[Round "6"]
[White "Nilsen, Leif Erik"]
[Black "Benjaminsen, Bjorn Henrik"]
[Result "1/2-1/2"]
[WhiteElo "1316"]
[BlackElo "1134"]
[PlyCount "64"]
[EventDate "2008.08.03"]
[EventType "swiss"]
[EventRounds "6"]
[EventCountry "NOR"]
[SourceTitle "EXT 2010"]
[Source "ChessBase"]
[SourceDate "2010.11.25"]
[SourceVersion "1"]
[SourceVersionDate "2010.11.25"]
[SourceQuality "1"]

1. d4 Nf6 2. c4 Nc6 3. Nf3 e6 4. Nc3 Bb4 5. Qc2 0-0 6. e3 Ne7 7. Bd3 Ng6 8. 0-0 Bxc3 9. Qxc3 d6 10. e4 b6 11. Re1 Bb7 12. e5 Nh5 13. Be4 Bxe4 14. Rxe4 f5 15. exf6 Rxf6 16. Bg5 Rxf3 17. Qxf3 Qxg5 18. Rxe6 Rf8 19. Qe4 Nhf4 20. Re8 Qf6 21. Re1 Qf7 22. f3 c5 23. dxc5 Ne5 24. Rxf8+ Kxf8 25. cxd6 Nfd3 26. Qa8+ Qe8 27. Qxe8+ Kxe8 28. Rxe5+ Nxe5 29. b3 Kd7 30. Kf2 Kxd6 31. Ke3 g6 32. Kd4 Nc6+ 1/2-1/2

[Event "Bergen Sommer op"]
[Site "Bergen"]
[Date "2006.08.09"]
[Round "4"]
[White "Nilsen, Leif Erik"]
[Black "Benjaminsen, Bjorn Henrik"]
[Result "0-1"]
[WhiteElo "1275"]
[BlackElo "1002"]
[PlyCount "79"]
[EventDate "2006.08.06"]
[EventType "swiss"]
[EventRounds "6"]
[EventCountry "NOR"]
[SourceTitle "EXT 2007"]
[Source "ChessBase"]
[SourceDate "2006.11.23"]
[SourceVersion "1"]
[SourceVersionDate "2006.11.23"]
[SourceQuality "1"]

1. d4 d5 2. Nf3 c6 3. e3 e6 4. c4 Bd6 5. Nc3 f5 6. Bd2 Nf6 7. Be2 0-0 8. 0-0 Ne4 9. Rc1 Nd7 10. cxd5 exd5 11. a3 a5 12. Be1 Qf6 13. Nd2 Qh6 14. f4 Ndf6 15. Ndxe4 fxe4 16. g4 Qh3 17. Bg3 Bxg4 18. Qe1 Bxe2 19. Qxe2 Ng4 20. Nd1 Rf6 21. Nf2 Nxf2 22. Qxf2 Raf8 23. Qg2 Qh5 24. Rf2 g5 25. Rcf1 gxf4 26. Bxf4+ Rg6 27. Bg3 Rxf2 28. Qxf2 Qf3 29. Qxf3 exf3 30. Rxf3 Be7 31. Kf2 a4 32. Rf5 b5 33. Kf3 b4 34. axb4 Bxb4 35. Rf4 Bd2 36. Ke2 Bc1 37. Rf1 Bxb2 38. Rb1 a3 39. Kd2 a2 40. Rd1 0-1

[Event "Bergen Sommer op"]
[Site "Bergen"]
[Date "2006.08.08"]
[Round "3"]
[White "Nylund, Kjetil"]
[Black "Nilsen, Leif Erik"]
[Result "1/2-1/2"]
[WhiteElo "1312"]
[BlackElo "1275"]
[PlyCount "66"]
[EventDate "2006.08.06"]
[EventType "swiss"]
[EventRounds "6"]
[EventCountry "NOR"]
[SourceTitle "EXT 2007"]
[Source "ChessBase"]
[SourceDate "2006.11.23"]
[SourceVersion "1"]
[SourceVersionDate "2006.11.23"]
[SourceQuality "1"]

1. e4 e5 2. Bc4 Nc6 3. Nf3 Bc5 4. c3 d6 5. h3 Nge7 6. d4 Bb6 7. dxe5 Nxe5 8. Nxe5 dxe5 9. Qf3 0-0 10. 0-0 Ng6 11. Rd1 Qe7 12. Be3 Be6 13. Na3 Bxe3 14. Qxe3 Bxc4 15. Nxc4 a5 16. Rd5 b6 17. Rad1 Rad8 18. Qd2 Rxd5 19. Qxd5 Qg5 20. g3 Nf4 21. Qxe5 Nxh3+ 22. Kg2 Qxe5 23. Nxe5 Ng5 24. f3 f6 25. Nc6 Ne6 26. Ne7+ Kf7 27. Nc6 Ke8 28. f4 Nc5 29. Kf3 Nb7 30. e5 fxe5 31. Nxe5 Nd6 32. Re1 Kd8 33. Rd1 Ke8 1/2-1/2